00572nam a22001697a 450000500170000001000150001702000270003203500140005903700130007308200150008610000250010124501060012626000600023227000620029230000260035470000220038020170531155408.0 aENG-118492 a9789383930135c1195.00 aEN-102024 bDBAD/PUB a362.850954 aNehra, Surindersingh aGlobalization, social security & indian armed forces /cby Surindersingh Nehra [and] Sanhita Athawale aNew DelhibG.B. Books Publishers And Distributorsc2015 a4832/24, S-204 Prahlad Lane Ansari Road, New Delhi-110002 axviii,176pc24cm.(Hb) aAthawale,Sanhita